000 00612cam a22002411 4500
001 sa 63001830
003 DLC
005 20260227111930.0
008 950217s1962 ii 000 0 hino
010 _asa 63001830
025 _aPL480:I-H-507
035 _a(OCoLC)32010071
040 _aDLC
_cCU
_dCU
_dDLC
042 _apremarc
050 0 0 _aPK2040
_b.C5
100 1 _aCaturvedī, Paraśurāma,
_d1894-1979.
245 1 0 _aHindī ke Sufī premākhyāna.
260 _c[1962]
300 _a146 p.
_c19 cm.
500 _aIn Hindi.
650 0 _aHindi poetry
_xHistory and criticism.
650 0 _aSufism.
999 _c54178
_d54178